Κατάλογος Βιβλιοθηκών Mediterranean College

Η Μικρή Χρηματοοικονομική Λογιστική / Βιβλιοθήκη των Επιχειρήσεων (Record no. 4288)

MARC details
000 -LEADER
fixed length control field 01862cam a22001934a 4500
005 - ΗΜΕΡΟΜΗΝΙΑ ΚΑΙ ΩΡΑ ΤΕΛΕΥΤΑΙΑΣ ΕΝΗΜΕΡΩΣΗΣ
Πεδίο ελέγχου 20250605164142.0
008 - FIXED-LENGTH DATA ELEMENTS--GENERAL INFORMATION
Πεδίο ελέγχου σταθερού μήκους 250528s ||||||||||||||||||||||||d
035 ## - SYSTEM CONTROL NUMBER
System control number 18997
020 ## - ISBN
ISBN 9600209480
040 ## - ΠΗΓΗ ΚΑΤΑΛΟΓΟΓΡΑΦΗΣΗΣ
Φορέας πρωτότυπης καταλογογράφησης MC Athens Campus Library
Γλώσσα καταλογογράφησης Ελληνικά, Μοντέρνα (1453-)
Modifying agency MC Athens Campus Library
Κανόνες περιγραφικής καταλογογράφησης AACR2
245 1# - ΤΙΤΛΟΣ ΚΑΙ ΔΗΛΩΣΗ ΥΠΕΥΘΥΝΟΤΗΤΑΣ
Τίτλος Η Μικρή Χρηματοοικονομική Λογιστική / Βιβλιοθήκη των Επιχειρήσεων
260 ## - PUBLICATION, DISTRIBUTION, ETC.
Name of publisher, distributor, etc. Επιμορφωτικές Εκδόσεις Παπαζήση,
Date of publication, distribution, etc. 1992
300 ## - PHYSICAL DESCRIPTION
Extent 336
520 ## - SUMMARY, ETC.
Summary, etc. Λίγη θεωρία και πολλές ασκήσεις λυμένες - Για στελέχη μικρομεσαίων επιχειρήσεων - Για τους φοιτητές και τους σπουδαστές των Α.Ε.Ι. και των Τ.Ε.Ι. - των ελεύθερων εργαστηρίων λογιστικής, Για το λογιστή. Πρόλογος του Εκδότη, Γενική Εισαγωγή στον Κόσμο των Εκμισθώσεων και των Επιχειρήσεων, Γενική Εισαγωγή στον Κόσμο της Λογιστικής, Η Λογιστική και τα Οικονομικά Γεγονότα, Απογραφή, Ο Ισολογισμός, Η Κυκλοφορία της Περιουσίας, Η Δυναμική Λογιστική, Οι Λογαριασμοί, Οι Βασικές Λογιστικές Αρχές, Οι Λογαριασμοί από Άποψη Περιεχομένου, Βιβλιογραφική Υπόδειξη, Μισθοδοτική Κατάσταση, Λογιστικά Βιβλία Επιτηδευματιών και Επιχειρήσεων, Σχέδιο Λογαριασμών Επιχείρησης, Κατ' Επιλογή Βιβλιογραφία.
700 1# - ΠΡΟΣΘΕΤΗ ΑΝΑΓΡΑΦΗ--ΦΥΣΙΚΟ ΠΡΟΣΩΠΟ
Personal name Ντομαλη Γιαννη
9 (RLIN) 5277
942 ## - ADDED ENTRY ELEMENTS (KOHA)
Koha item type Books
Holdings
Τύπος τεκμηρίου Βιβλιοθήκη Τρέχουσα τοποθεσία Barcode Αριθμός εισαγωγής Ημερομηνία απόκτησης Ταξιθετικό σύμβολο Αριθμός αντιτύπου Κατάσταση απόσυρσης Κατάσταση χαμένου Κατάσταση κατεστραμμένου Μη δανεισμός Σύνολο δανεισμών Ημερομηνία τελευταίας εμφάνισης Η τιμή ισχύει από
Books MC Athens Campus Library MC Athens Campus Library 9780000042873 3931 05/06/2025 657.48 DOM 1           05/06/2025 05/06/2025

MC Athens Campus Library
Πατησίων 94 & Κοδριγκτώνος 13, 104 34
Πελλήνης 8 & Πατησίων 107, 112 51
Τ: +30 210 8899600

MC Thessaloniki Campus Library
Ίωνος Δραγούμη 21, 54625 | Ίωνος Δραγούμη 15, 54625
Τ: +30 2310 287779 – Τ: +30 2314 440300